000 00516nam a2200169Ia 4500
999 _c12580
_d12580
003 OSt
005 20201028113220.0
008 190216s9999||||xx |||||||||||||| ||und||
040 _coclc
082 _a813.09
_bWAG/C
100 _aWagenknecht, Edward
_96139
245 0 _aCavalcade Of The American Novel /
_cEdward Wagenknecht
260 _bOxford & IBH Publishing Company,
_c1952.
_aCalcutta:
300 _a575p
650 _aEnglish Essay
942 _cBK
_2ddc
_h813.09
_iWAG/C
_k813.09
_mWAG/C